书目信息 |
| 题名: |
财务会计学
|
|
| 作者: | 戴德明 主编 | |
| 分册: | ||
| 出版信息: | 北京 中国人民大学出版社 2002 |
|
| 页数: | 519页 | |
| 开本: | 23cm | |
| 丛书名: | ||
| 单 册: | ||
| 中图分类: | F234.4 | |
| 科图分类: | ||
| 主题词: | 会计 | |
| 电子资源: | ||
| ISBN: | 7-300-02554-4 | |
| 000 | 00991nam0 2200241 450 | |
| 001 | 0757890982 | |
| 005 | 20070715144621.87 | |
| 010 | @a7-300-02554-4@dCNY30.00 | |
| 100 | @a20070623d2002 km y0chiy0120 ea | |
| 101 | 0 | @achi |
| 102 | @aCN@b110000 | |
| 200 | 1 | @a财务会计学@Acai wu kuai ji xue@f戴德明等主编@Fdai de ming deng zhu bian |
| 205 | @a3版 | |
| 210 | @a北京@c中国人民大学出版社@d2002 | |
| 215 | @a519页@d23cm | |
| 300 | @a教学指导委员会专家评审 教育部推荐教材 中国人民大学会计系列教材 | |
| 330 | 1 | @a本书介绍了货币资金、对外投资、财务会计报告、会计报表分析、流动负债、长期负债、固定资产、所有者权益等内容。@Aben shu jie shao le huo bi zi jin、dui wai tou zi、cai wu kuai ji bao gao、kuai ji bao biao fen xi、liu dong fu zhai、chang qi fu zhai、gu ding zi chan、suo you zhe quan yi deng nei rong。 |
| 517 | 1 | @aFinancial Accounting |
| 606 | 0 | @a会计 |
| 690 | @aF234.4@v3 | |
| 701 | 0 | @a戴德明@Adai de ming@4主编 |
| 801 | 0 | @aCN@bPFT@c20070715 |
| 905 | @a10447@dF234.4@e252=3 | |
| 财务会计学/戴德明等主编.-3版.-北京:中国人民大学出版社,2002 |
| 519页;23cm |
| 教学指导委员会专家评审 教育部推荐教材 中国人民大学会计系列教材 |
| ISBN 7-300-02554-4:CNY30.00 |
| 本书介绍了货币资金、对外投资、财务会计报告、会计报表分析、流动负债、长期负债、固定资产、所有者权益等内容。 |
| ● |
| 相关链接 |
|
|
|
|
正题名:财务会计学
索取号:F234.4/252=3
 
预约/预借
| 序号 | 登录号 | 条形码 | 馆藏地/架位号 | 状态 | 备注 |
| 1 | 0678397 | 206783970 | 第一样本阅览室/ [索取号:F234.4/252=3] | 在馆 | |
| 2 | 0678398 | 206783989 | 密集书库/ [索取号:F234.4/252=3] | 在馆 | |
| 3 | 0678399 | 206783998 | 密集书库/ [索取号:F234.4/252=3] | 在馆 | |
| 4 | 0678400 | 206784005 | 密集书库/ [索取号:F234.4/252=3] | 在馆 | |
| 5 | 0678401 | 206784014 | 密集书库/ [索取号:F234.4/252=3] | 在馆 | |
| 6 | 0678402 | 206784023 | 密集书库/ [索取号:F234.4/252=3] | 在馆 | |
| 7 | 0678403 | 206784032 | 密集书库/ [索取号:F234.4/252=3] | 在馆 | |
| 8 | 0778270 | 207782700 | 密集书库/ [索取号:F234.4/252=3] | 在馆 | |
| 9 | 0778755 | 207787554 | 密集书库/ [索取号:F234.4/252=3] | 在馆 | |
| 10 | 0778887 | 207788875 | 密集书库/ [索取号:F234.4/252=3] | 在馆 | |
| 11 | 0779071 | 207790719 | 密集书库/ [索取号:F234.4/252=3] | 在馆 |